| 000 | 00649nam a2200217 a 4500 | ||
|---|---|---|---|
| 001 | 000041469 | ||
| 005 | 20201002034922.0 | ||
| 008 | 131007s1985 mx 000 j spa d | ||
| 020 | _a9682908639 | ||
| 040 |
_aDO-SdBNP _bspa _cBNPHU |
||
| 082 |
_aM863 _bH668g |
||
| 100 | 1 |
_aHiriart, Hugo _968152 |
|
| 245 | 1 | 0 |
_aGalaor. / _cHugo Hiriart. |
| 260 |
_aMéxico, D.F. : _bSecretaria de Educación Pública, _c1985. |
||
| 300 |
_a166 p. ; _c21 cm. |
||
| 490 | 1 |
_aLecturas mexicanas _v8 |
|
| 650 | 4 |
_aNovela mexicana _93959 |
|
| 650 | 4 |
_aLiteratura mexicana _91922 |
|
| 830 | 0 |
_aLecturas mexicanas _n8 _968153 |
|
| 910 | _aValidado. Control de calidad MFF | ||
| 999 |
_c40959 _d40959 |
||